Geometry of four dimensions

Αποθηκεύτηκε σε:
Λεπτομέρειες βιβλιογραφικής εγγραφής
Κύριος συγγραφέας: Manning, Henry Parker, 1859-1956
Μορφή: Βιβλίο
Γλώσσα:English
Δημοσίευση: United States of America : Dover Publications, 1956
Θέματα:
Ετικέτες: Προσθήκη ετικέτας
Δεν υπάρχουν, Καταχωρήστε ετικέτα πρώτοι!

MARC

LEADER 00000cam a2200000 i 4500
001 1/4252
008 100208s1956 eng d
035 |l 10106679 
040 |a GR-MY-UA  |b gre  |e aacr 
041 0 |a eng 
082 0 |a 516.3  |2 (22) 
100 1 |a Manning, Henry Parker,   |d 1859-1956. 
245 1 0 |a Geometry of four dimensions /  |c Henry Parker Manning 
260 |a United States of America :   |b Dover Publications,   |c 1956 
300 |a 348 σ.;  |b εικ.;  |c 20 εκ. 
504 |a Περιέχει ευρετήριο 
650 0 0 |a Hyperspace. 
852 |a INST  |b SAMOS  |c MAG  |e 20100208  |h 516.3 MAN  |p 005300028565  |q 005300028565  |t BK  |y 0 
901 |a BIBL3-2010-1 
909 |a Σ  |b 158069 
970 |a ΣΙΤΖΙΜΗ  |b ΓΙΑΣΕΜΗ  |z 2010/02/08